000
00230nam a22001097a 4500
999
_c
64949
_d
64946
082
_a
297.1221
100
_a
صدیقی رئوف
245
_a
تاریخ بیت اللہ
260
_a
کراچی
300
_a
۲۰۲
942
_c
BK